| 000 | 00625nam a2200217 a 4500 | ||
|---|---|---|---|
| 001 | 53480 | ||
| 003 | BD-RjUL | ||
| 005 | 20211209075952.0 | ||
| 008 | 161016s1963 nyu 000 0 eng | ||
| 035 | _a(BD-RjUL) | ||
| 035 | _a(OCoLC)53601 | ||
| 040 |
_aDLC _cFO _dOCoLC _dDLC _beng |
||
| 041 | _aeng | ||
| 082 |
_a809.04 _223 _bKEP 1963 |
||
| 100 | 1 |
_aKermode, Frank, _d1919-2010. _9159883 |
|
| 245 | 1 | 0 |
_aPuzzles and epiphanies : _bessays and reviews, 1958-1961 / _cFrank Kermode |
| 260 |
_aLondon : _bRoutedge & Kegan Paul, _c1963 |
||
| 300 |
_a234 p. ; _c23 cm. |
||
| 650 | 0 |
_aLiterature, Modern _9159884 |
|
| 942 |
_2ddc _cBK |
||
| 999 |
_c53480 _d53480 |
||